000 00437nam a2200181Ia 4500
001 14166
005 20260306164854.0
008 260306t2004||||xx |||||||||||||| ||spa||
041 _aESP
082 _a510
_bG59
100 _aGoldstein Larry J.
_eAUT
245 0 _aFinite mathematics & its applications
260 _c2004
300 _a678 páginas :A59 :I5
_c26 p.
650 _aGEN
654 _aCMA
942 _cLIB
_dJUS
_fJUS
_2ddc
_n
999 _c14166
_d14166